[Event "Championnat de France - Accession"]
[Site "Aix-les-Bains"]
[Date "2007.??.??"]
[Round "2.10"]
[White "Vitoux, Colomban"]
[Black "Derieux, Christian"]
[Result "1-0"]
[WhiteElo "2343"]
[BlackElo "2228"]
[PlyCount "43"]
[EventDate "2007.??.??"]

1. e4 c5 2. Nf3 d6 3. d4 cxd4 4. Nxd4 Nf6 5. f3 e5 6. Nb3 d5 7. Bg5 dxe4 8.
Qxd8+ Kxd8 9. fxe4 h6 10. Bxf6+ gxf6 11. Nc3 Be6 12. O-O-O+ Kc8 13. Nd5 f5 14.
exf5 Bxf5 15. Ne3 Bg6 16. g3 a5 17. Bh3+ Kc7 18. Nd5+ Kc6 19. Rhf1 a4 20. Rf6+
Bd6 21. Ne7+ Kc7 22. Rdxd6 1-0

[Event "Championnat de France - Accession"]
[Site "Aix-les-Bains"]
[Date "2007.??.??"]
[Round "2.11"]
[White "Giua, Frederic"]
[Black "Fargere, Francois"]
[Result "1-0"]
[WhiteElo "2204"]
[BlackElo "2339"]
[PlyCount "57"]
[EventDate "2007.??.??"]

1. Nf3 d5 2. c4 c6 3. d4 Nf6 4. Nc3 dxc4 5. a4 Bf5 6. Ne5 Nbd7 7. Nxc4 Nb6 8.
Ne5 a5 9. f3 Nfd7 10. Nd3 e6 11. e4 Bg6 12. Qb3 Bd6 13. Be3 O-O 14. Be2 Rb8 15.
O-O Na8 16. f4 h6 17. Ne5 Nxe5 18. dxe5 Bb4 19. f5 Bh7 20. Na2 exf5 21. exf5
Qe7 22. Nxb4 axb4 23. f6 Qxe5 24. fxg7 Qxg7 25. Qxb4 Nc7 26. Qh4 Qe5 27. Rf3
Nd5 28. Bd4 Qe6 29. Rg3+ 1-0

[Event "Championnat de France - Accession"]
[Site "Aix-les-Bains"]
[Date "2007.??.??"]
[Round "2.12"]
[White "Terrieux, Kevin"]
[Black "Lalau, Alexandre"]
[Result "1-0"]
[WhiteElo "2331"]
[BlackElo "2113"]
[PlyCount "61"]
[EventDate "2007.??.??"]

1. e4 c5 2. Nf3 e6 3. d4 cxd4 4. Nxd4 a6 5. Bd3 Nc6 6. Nxc6 dxc6 7. f4 Bc5 8.
Qe2 Ne7 9. Nd2 Ng6 10. g3 e5 11. f5 Ne7 12. Nb3 Ba7 13. a4 g6 14. Bg5 Qc7 15.
Rf1 gxf5 16. exf5 Nd5 17. c4 f6 18. Bd2 Qb6 19. Ra3 Nb4 20. Be4 a5 21. Qh5+ Ke7
22. Qh6 Rf8 23. g4 Qd8 24. g5 Nd3+ 25. Ke2 Nf4+ 26. Bxf4 exf4 27. Rd1 f3+ 28.
Bxf3 Qc7 29. Qg7+ Rf7 30. gxf6+ Ke8 31. Qg8+ 1-0

[Event "Championnat de France - Accession"]
[Site "Aix-les-Bains"]
[Date "2007.??.??"]
[Round "2.13"]
[White "Robin, Samy"]
[Black "Dube, Dimitri"]
[Result "1-0"]
[WhiteElo "2321"]
[BlackElo "2102"]
[PlyCount "63"]
[EventDate "2007.??.??"]

1. e4 Nf6 2. e5 Nd5 3. c4 Nb6 4. d4 d6 5. exd6 cxd6 6. h3 g6 7. Nf3 Bg7 8. Be2
O-O 9. O-O Nc6 10. Nc3 e5 11. d5 Nd4 12. Nxd4 exd4 13. Nb5 Qf6 14. Qb3 Nd7 15.
Qg3 Nc5 16. Qxd6 Qxd6 17. Nxd6 Bd7 18. Bf4 b6 19. Rad1 f5 20. Bf3 d3 21. b4 Ne4
22. Rxd3 g5 23. Bh2 Nf6 24. Be5 h5 25. c5 g4 26. Bd1 Ne4 27. Bxg7 Kxg7 28. Nxe4
Bb5 29. Rd4 Bxf1 30. Ng5 gxh3 31. Kxf1 bxc5 32. bxc5 1-0

[Event "Championnat de France - Accession"]
[Site "Aix-les-Bains"]
[Date "2007.??.??"]
[Round "2.14"]
[White "Spiteri, Jean"]
[Black "Therkildsen, Thomas"]
[Result "1/2-1/2"]
[WhiteElo "2067"]
[BlackElo "2310"]
[PlyCount "110"]
[EventDate "2007.??.??"]

1. Nf3 Nf6 2. c4 e6 3. Nc3 d5 4. d4 Be7 5. Bg5 Nbd7 6. e3 O-O 7. Rc1 a6 8. cxd5
exd5 9. Bd3 b5 10. h3 Bb7 11. O-O Ne4 12. Bxe7 Qxe7 13. Qb3 Nb6 14. Rfd1 Nc4
15. Bxe4 dxe4 16. Nd2 Nd6 17. Ne2 Nc4 18. Nf4 Nb6 19. Rc5 Rac8 20. Rdc1 Qd6 21.
Qc2 Rce8 22. b3 Ba8 23. a4 bxa4 24. bxa4 Re7 25. a5 Nd7 26. Rxc7 g5 27. Nh5 f5
28. Ra7 Qg6 29. Ng3 f4 30. Qc4+ Kh8 31. Rxa6 Nf6 32. Ngf1 g4 33. hxg4 Rg8 34.
Nh2 fxe3 35. fxe3 Qg5 36. Qe2 Bd5 37. Rc5 h5 38. Rd6 hxg4 39. Rxf6 Qxf6 40.
Rxd5 Rh7 41. g3 Rf8 42. Ndf1 Qh6 43. Rb5 Qa6 44. Qb2 Rhf7 45. d5+ Kg8 46. d6
Qxd6 47. Rg5+ Kh7 48. Qb5 Rf6 49. Rh5+ Kg7 50. Qg5+ Kf7 51. Qd5+ Qxd5 52. Rxd5
Ke6 53. Rb5 Rf2 54. Rb1 Ra2 55. Nxg4 Rxa5 {suite illisible} 1/2-1/2

[Event "Championnat de France - Accession"]
[Site "Aix-les-Bains"]
[Date "2007.??.??"]
[Round "2.15"]
[White "Benitah, Yohan"]
[Black "Moucheroud, Jeremy"]
[Result "1-0"]
[WhiteElo "2421"]
[BlackElo "1982"]
[PlyCount "49"]
[EventDate "2007.??.??"]

1. d4 d5 2. c4 e6 3. Nc3 c6 4. e3 Nf6 5. Nf3 Nbd7 6. Qc2 Bd6 7. g4 Bb4 8. a3
Bxc3+ 9. bxc3 O-O 10. Bd3 g6 11. Rg1 Qe7 12. a4 b6 13. Nd2 Ne8 14. cxd5 exd5
15. a5 Rb8 16. axb6 axb6 17. Ra7 Ng7 18. c4 Qd6 19. cxd5 cxd5 20. Ba3 Qxh2 21.
Nf3 Qh3 22. Rg3 Qh6 23. Bxf8 Nxf8 24. Qc7 Nd7 25. Qd6 1-0

[Event "Championnat de France - Accession"]
[Site "Aix-les-Bains"]
[Date "2007.??.??"]
[Round "2.23"]
[White "Bujisho, Benjamin"]
[Black "Ollier, Pablo"]
[Result "1/2-1/2"]
[WhiteElo "2384"]
[BlackElo "2128"]
[PlyCount "84"]
[EventDate "2007.??.??"]

1. e4 e6 2. d4 d5 3. e5 c5 4. c3 Qb6 5. Nf3 Nc6 6. Be2 cxd4 7. cxd4 Nh6 8. Bd3
Nf5 9. Bxf5 exf5 10. O-O Be6 11. Nc3 Be7 12. Rb1 h6 13. h4 O-O-O 14. b4 Kb8 15.
Na4 Qb5 16. Nc5 b6 17. Be3 f4 18. a4 Qc4 19. Rc1 bxc5 20. Rxc4 dxc4 21. bxc5
fxe3 22. Qb1+ Kc7 23. fxe3 Rb8 24. Qc1 Rhd8 25. Rd1 g5 26. hxg5 hxg5 27. Nd2
Nxd4 28. exd4 Rxd4 29. Nf3 Rxd1+ 30. Qxd1 Bxc5+ 31. Kh2 Rd8 32. Qe1 Rg8 33. Kg3
g4 34. Nd2 Rd8 35. Ne4 Rd3+ 36. Kh2 Bd4 37. Qa5+ Bb6 38. Qb4 a5 39. Qe7+ Rd7
40. Qg5 Rd3 41. Qe7+ Rd7 42. Qg5 Rd3 1/2-1/2

[Event "Championnat de France - Accession"]
[Site "Aix-les-Bains"]
[Date "2007.??.??"]
[Round "2.24"]
[White "Gregoire, Sylvain"]
[Black "Remille, Tristan"]
[Result "1-0"]
[WhiteElo "2261"]
[BlackElo "2182"]
[PlyCount "29"]
[EventDate "2007.??.??"]

1. d4 d5 2. c4 c6 3. Nf3 Nf6 4. e3 e6 5. Nc3 Nbd7 6. Bd3 dxc4 7. Bxc4 b5 8. Bb3
b4 9. Ne2 Bd6 10. e4 Nxe4 11. Qc2 Ndf6 12. Ng5 Nxg5 13. Qxc6+ Bd7 14. Qxd6 Qa5
15. Qe5 1-0

[Event "Championnat de France - Accession"]
[Site "Aix-les-Bains"]
[Date "2007.??.??"]
[Round "2.25"]
[White "Tournier, Mathieu"]
[Black "Houriez, Clement"]
[Result "1/2-1/2"]
[WhiteElo "2250"]
[BlackElo "2181"]
[PlyCount "33"]
[EventDate "2007.??.??"]

1. e4 c5 2. c3 Nf6 3. e5 Nd5 4. d4 cxd4 5. Nf3 e6 6. cxd4 d6 7. a3 Bd7 8. Bd3
Bc6 9. O-O Nd7 10. Re1 Rc8 11. Nc3 Nxc3 12. bxc3 dxe5 13. Nxe5 Nxe5 14. Rxe5
Bd6 15. Re3 Qf6 16. Rb1 Bf4 17. Rh3 1/2-1/2

[Event "Championnat de France - Accession"]
[Site "Aix-les-Bains"]
[Date "2007.??.??"]
[Round "2.26"]
[White "Pieroni, Guillaume"]
[Black "Bailet, Pierre"]
[Result "1/2-1/2"]
[WhiteElo "2244"]
[BlackElo "2169"]
[PlyCount "31"]
[EventDate "2007.??.??"]

1. e4 c5 2. Ne2 d6 3. g3 d5 4. Bg2 dxe4 5. Nbc3 Nf6 6. Nxe4 Nxe4 7. Bxe4 Nd7 8.
d4 Nf6 9. Bg2 e6 10. O-O Qc7 11. Re1 Bd7 12. d5 O-O-O 13. Bf4 Bd6 14. Bxd6 Qxd6
15. dxe6 Bxe6 16. Qxd6 1/2-1/2

[Event "Championnat de France - Accession"]
[Site "Aix-les-Bains"]
[Date "2007.??.??"]
[Round "2.35"]
[White "Sanchez, Nicolas"]
[Black "Larand, Manuel"]
[Result "1/2-1/2"]
[WhiteElo "2200"]
[BlackElo "2084"]
[PlyCount "34"]
[EventDate "2007.??.??"]

1. d4 c6 2. c4 Na6 3. Nc3 g6 4. e4 Bg7 5. Be3 d6 6. Qd2 e5 7. Nge2 f5 8. g3 Nf6
9. Bg2 O-O 10. h3 Qe7 11. exf5 gxf5 12. O-O-O Qf7 13. d5 c5 14. Bh6 Qg6 15.
Bxg7 Kxg7 16. Bf3 Ne4 17. Qe3 Ng5 1/2-1/2

[Event "Championnat de France - Accession"]
[Site "Aix-les-Bains"]
[Date "2007.??.??"]
[Round "3.1"]
[White "Bedouin, Xavier"]
[Black "Collas, Didier"]
[Result "1-0"]
[WhiteElo "2357"]
[BlackElo "2458"]
[PlyCount "41"]
[EventDate "2007.??.??"]

1. e4 c5 2. Nf3 e6 3. c3 Nf6 4. e5 Nd5 5. d4 cxd4 6. cxd4 d6 7. Bc4 Nb6 8. Bd3
N8d7 9. O-O dxe5 10. dxe5 Nc5 11. Bb5+ Bd7 12. Nc3 a6 13. Be2 Nba4 14. Nxa4
Bxa4 15. Qd4 Bc6 16. Qg4 Nd7 17. Bf4 Qb6 18. Rfd1 g6 19. Ng5 Bd5 20. Bf3 h6 21.
Nxf7 1-0

[Event "Championnat de France - Accession"]
[Site "Aix-les-Bains"]
[Date "2007.??.??"]
[Round "3.2"]
[White "Cossin, Sebastien"]
[Black "Vitoux, Colomban"]
[Result "1/2-1/2"]
[WhiteElo "2433"]
[BlackElo "2343"]
[PlyCount "60"]
[EventDate "2007.??.??"]

1. d4 d5 2. c4 c6 3. Nf3 Nf6 4. Nc3 dxc4 5. a4 c5 6. e4 cxd4 7. Qxd4 Qxd4 8.
Nxd4 e5 9. Ndb5 Na6 10. Bxc4 Bc5 11. Bg5 Be6 12. Bxf6 gxf6 13. Nd5 O-O-O 14.
Rc1 f5 15. Ke2 Kb8 16. Ne3 Bxe3 17. Kxe3 f4+ 18. Ke2 Nc5 19. Bxe6 Nxe6 20. Rcd1
Nc5 21. Nd6 f6 22. a5 Nb3 23. g3 Rd7 24. Nf5 Rxd1 25. Rxd1 fxg3 26. hxg3 Nxa5
27. Rd7 Rc8 28. Kd3 Rc7 29. Rd8+ Rc8 30. Rd7 Rc7 1/2-1/2

[Event "Championnat de France - Accession"]
[Site "Aix-les-Bains"]
[Date "2007.??.??"]
[Round "3.3"]
[White "Olivier, Jean-Christophe"]
[Black "Terrieux, Kevin"]
[Result "1/2-1/2"]
[WhiteElo "2403"]
[BlackElo "2331"]
[PlyCount "108"]
[EventDate "2007.??.??"]

1. e4 c5 2. Nf3 Nc6 3. d4 cxd4 4. Nxd4 Nf6 5. Nc3 e5 6. Ndb5 d6 7. Bg5 a6 8.
Na3 b5 9. Nd5 Be7 10. Nxe7 Nxe7 11. Bxf6 gxf6 12. Bd3 d5 13. exd5 Qxd5 14. Qd2
Qxg2 15. O-O-O Qg5 16. c4 Qxd2+ 17. Rxd2 b4 18. Nc2 Rb8 19. Rg1 Be6 20. b3 f5
21. Be2 f4 22. Rd6 Bc8 23. Rg5 Ng6 24. c5 Ke7 25. Bxa6 Bxa6 26. Rxa6 Rhc8 27.
c6 Rb5 28. Kb2 Kd6 29. a4 bxa3+ 30. Nxa3 Rc5 31. Nc4+ Ke6 32. Na5 Ne7 33. b4
Rb5 34. Ka3 Kd5 35. Rg7 Nxc6 36. Nxc6 Rxc6 37. Rxc6 Kxc6 38. Rxf7 Kd5 39. Ka4
Rb8 40. Rxh7 Kc4 41. Rc7+ Kd3 42. b5 Rh8 43. b6 Rxh2 44. b7 Rh1 45. Rc5 Ra1+
46. Kb5 Rb1+ 47. Kc6 Rxb7 48. Kxb7 e4 49. Rf5 f3 50. Kc6 Ke2 51. Kd5 e3 52.
fxe3 Kxe3 53. Re5+ Kd2 54. Rf5 Ke3 1/2-1/2

[Event "Championnat de France - Accession"]
[Site "Aix-les-Bains"]
[Date "2007.??.??"]
[Round "3.4"]
[White "Alanic, Xavier"]
[Black "Shirazi, Kamran"]
[Result "0-1"]
[WhiteElo "2251"]
[BlackElo "2401"]
[PlyCount "64"]
[EventDate "2007.??.??"]

1. c4 e6 2. g3 f5 3. Bg2 Nf6 4. Nc3 Be7 5. d3 O-O 6. e4 fxe4 7. dxe4 Bc5 8. Nf3
Nc6 9. O-O d6 10. a3 a6 11. b4 Ba7 12. Qd3 Ng4 13. Bf4 Nxf2 14. Rxf2 Bxf2+ 15.
Kxf2 g5 16. b5 Na5 17. Ne2 gxf4 18. gxf4 axb5 19. cxb5 e5 20. Qd5+ Kh8 21. fxe5
Bg4 22. exd6 Qxd6 23. Qxd6 cxd6 24. Ned4 Rae8 25. Re1 Rf4 26. h3 Bh5 27. Nf5 d5
28. Nd6 Ref8 29. Re3 dxe4 30. Nxe4 Nc4 31. Ng3 Nxe3 32. Nxh5 Nxg2 0-1

[Event "Championnat de France - Accession"]
[Site "Aix-les-Bains"]
[Date "2007.??.??"]
[Round "3.5"]
[White "Rainfray, Arnaud"]
[Black "Robin, Samy"]
[Result "0-1"]
[WhiteElo "2393"]
[BlackElo "2321"]
[PlyCount "60"]
[EventDate "2007.??.??"]

1. e4 e5 2. Nf3 Nc6 3. Nc3 Nf6 4. d4 exd4 5. Nxd4 Bb4 6. Nxc6 bxc6 7. Bd3 d5 8.
exd5 cxd5 9. O-O O-O 10. Bg5 c6 11. Qf3 Be7 12. Rfe1 h6 13. Bxh6 gxh6 14. Qe3
d4 15. Qxh6 Qd6 16. Qg5+ Kh8 17. Qh4+ Kg7 18. Ne4 Nxe4 19. Qxe4 Rh8 20. g3 Bf6
21. Rad1 Bd7 22. Qf3 Rh6 23. Re4 Rah8 24. h4 Qd5 25. c4 Qh5 26. Be2 Qxf3 27.
Bxf3 Bf5 28. Rf4 Bc2 29. Rd2 d3 30. c5 Rb8 0-1

[Event "Championnat de France - Accession"]
[Site "Aix-les-Bains"]
[Date "2007.??.??"]
[Round "3.6"]
[White "Riff, Jean-Noel"]
[Black "Giua, Frederic"]
[Result "1/2-1/2"]
[WhiteElo "2460"]
[BlackElo "2204"]
[PlyCount "73"]
[EventDate "2007.??.??"]

1. e4 e6 2. d3 c5 3. Nf3 Nc6 4. g3 g6 5. Bg2 Bg7 6. c3 Nge7 7. O-O e5 8. a3 O-O
9. b4 d6 10. Nbd2 h6 11. Rb1 b6 12. d4 exd4 13. cxd4 Nxd4 14. Nxd4 Bxd4 15. Nb3
Bg7 16. Bf4 c4 17. Nd4 g5 18. Be3 d5 19. Qh5 Qd6 20. Rbd1 Qg6 21. Qxg6 Nxg6 22.
exd5 Ne5 23. Nb5 Bg4 24. Rc1 Be2 25. Rfe1 Nf3+ 26. Bxf3 Bxf3 27. Rxc4 Bxd5 28.
Rc7 a5 29. Nc3 Bxc3 30. Rxc3 axb4 31. axb4 b5 32. Rc5 Bc4 33. Rc6 f6 34. h4
Rac8 35. Ra6 Ra8 36. Rea1 Bd5 37. Rxa8 1/2-1/2

[Event "Championnat de France - Accession"]
[Site "Aix-les-Bains"]
[Date "2007.??.??"]
[Round "3.7"]
[White "Moussard, Jules"]
[Black "Benitah, Yohan"]
[Result "1/2-1/2"]
[WhiteElo "2239"]
[BlackElo "2421"]
[PlyCount "58"]
[EventDate "2007.??.??"]

1. e4 c5 2. Nf3 d6 3. d4 cxd4 4. Nxd4 Nf6 5. Nc3 a6 6. Be3 e6 7. f3 Be7 8. Qd2
O-O 9. g4 Nc6 10. O-O-O Nxd4 11. Bxd4 b5 12. Kb1 Qc7 13. h4 Nd7 14. g5 b4 15.
Na4 Bb7 16. b3 d5 17. exd5 Bxd5 18. Rh3 Bc6 19. Bd3 e5 20. Bf2 Bxa4 21. bxa4
Nc5 22. Bxc5 Bxc5 23. h5 Bd4 24. f4 Rfd8 25. fxe5 Bc3 26. Qe2 Bxe5 27. Rf1 Qc5
28. Qf2 Qxf2 29. Rxf2 Ra7 1/2-1/2

[Event "Championnat de France - Accession"]
[Site "Aix-les-Bains"]
[Date "2007.??.??"]
[Round "3.8"]
[White "Vernay, Clovis"]
[Black "Riff, Vincent"]
[Result "1/2-1/2"]
[WhiteElo "2381"]
[BlackElo "2308"]
[PlyCount "39"]
[EventDate "2007.??.??"]

1. d4 Nf6 2. c4 e6 3. Nf3 b6 4. g3 Ba6 5. Qc2 d5 6. cxd5 exd5 7. Bg5 Be7 8. Nc3
O-O 9. Bg2 c6 10. O-O Nbd7 11. Bxf6 Nxf6 12. Ne5 Bb7 13. Rfd1 Bd6 14. e4 Re8
15. exd5 cxd5 16. f4 Bb4 17. Rd3 Ne4 18. Qb3 Bxc3 19. bxc3 Qc7 20. Re1 1/2-1/2

[Event "Championnat de France - Accession"]
[Site "Aix-les-Bains"]
[Date "2007.??.??"]
[Round "3.9"]
[White "Duquesnoy, Jean-Philippe"]
[Black "Chomet, Pascal"]
[Result "0-1"]
[WhiteElo "2268"]
[BlackElo "2353"]
[PlyCount "106"]
[EventDate "2007.??.??"]

1. d4 d6 2. e4 g6 3. Nc3 Nf6 4. Be3 c6 5. Qd2 b5 6. Bd3 Nbd7 7. a4 b4 8. Nce2
a5 9. Nf3 Nb6 10. e5 Nfd5 11. Bh6 Ba6 12. Bxa6 Rxa6 13. h4 Qc8 14. Bxf8 Rxf8
15. Qd3 Ra7 16. h5 Qf5 17. Qxf5 gxf5 18. b3 dxe5 19. Nxe5 Rc7 20. O-O-O Rg8 21.
Rh2 e6 22. Nd3 Ke7 23. Nc5 Nd7 24. Nxd7 Rxd7 25. Kb2 Rg4 26. g3 Re4 27. Rd2 Rd8
28. Rh1 Rc8 29. Rc1 Rg4 30. Rh1 Rcg8 31. Rd3 f4 32. f3 R4g5 33. g4 f5 34. gxf5
Rxf5 35. Rh2 Rfg5 36. Rh4 Rf5 37. Rh2 Rgg5 38. Rd1 Rxh5 39. Rdh1 Rxh2 40. Rxh2
h5 41. c4 bxc3+ 42. Nxc3 Nf6 43. Ne4 Nxe4 44. fxe4 Rg5 45. Kc3 e5 46. dxe5 Ke6
47. Kd4 c5+ 48. Kxc5 Kxe5 49. b4 Kxe4+ 50. Kc4 axb4 51. Kxb4 f3 52. a5 Ke3 53.
a6 f2 0-1

[Event "Championnat de France - Accession"]
[Site "Aix-les-Bains"]
[Date "2007.??.??"]
[Round "3.10"]
[White "Saucey, Michel"]
[Black "Rouler, Charly"]
[Result "0-1"]
[WhiteElo "2347"]
[BlackElo "2284"]
[PlyCount "78"]
[EventDate "2007.??.??"]

1. d4 Nf6 2. Nf3 g6 3. c4 Bg7 4. Nc3 O-O 5. e4 d6 6. h3 e5 7. d5 a5 8. Bg5 Na6
9. Nd2 Nc5 10. g4 c6 11. Be2 Bd7 12. h4 a4 13. h5 Qa5 14. h6 Bh8 15. O-O cxd5
16. Nxd5 Nxd5 17. cxd5 b5 18. Be7 Rfe8 19. Bg5 Rac8 20. Rb1 f6 21. Be3 Qd8 22.
Kg2 f5 23. gxf5 gxf5 24. Rg1 Bf6 25. exf5 Kh8 26. Bg4 Rg8 27. Kf1 Bg5 28. Bxc5
Bxd2 29. Bxd6 Bf4 30. Bb4 Qf6 31. Qe2 Bxf5 32. Re1 Qh4 33. Bd6 Qh3+ 34. Rg2
Rxg4 35. Bxe5+ Kg8 36. Qxg4+ Bxg4 37. Bxf4 Kf7 38. Kg1 Rg8 39. d6 Bf3 0-1

[Event "Championnat de France - Accession"]
[Site "Aix-les-Bains"]
[Date "2007.??.??"]
[Round "3.11"]
[White "Jolly, Jean-Francois"]
[Black "Dubessay, Bastien"]
[Result "1-0"]
[WhiteElo "2315"]
[BlackElo "2117"]
[PlyCount "93"]
[EventDate "2007.??.??"]

1. e4 c5 2. Nf3 d6 3. d4 cxd4 4. Nxd4 Nf6 5. Nc3 a6 6. g3 e5 7. Nb3 Be7 8. Bg2
Be6 9. O-O Nbd7 10. Re1 b5 11. Nd5 O-O 12. Bd2 Bxd5 13. exd5 Nb6 14. Na5 Qc7
15. Nc6 Nfxd5 16. Nxe7+ Qxe7 17. Ba5 Qe6 18. Qd3 Rab8 19. Rad1 Nf6 20. Qxd6 Nc4
21. Qxe6 fxe6 22. Bc3 Ng4 23. b3 b4 24. Ba1 Na3 25. h3 Nxf2 26. Rd2 Rbd8 27.
Rxd8 Rxd8 28. Kxf2 Nxc2 29. Bxe5 Nxe1 30. Kxe1 Rc8 31. Be4 Rc5 32. Bd6 Rh5 33.
h4 Ra5 34. Bb1 Rb5 35. Ke2 Kf7 36. Ke3 a5 37. Bd3 Rd5 38. Bc7 h5 39. Be4 Rc5
40. Bb6 Rb5 41. Bd4 Ke7 42. Bxg7 Kd6 43. Bf3 Rf5 44. Bh6 Re5+ 45. Be4 Ke7 46.
Kd4 Rb5 47. Bf4 1-0

[Event "Championnat de France - Accession"]
[Site "Aix-les-Bains"]
[Date "2007.??.??"]
[Round "3.12"]
[White "Therkildsen, Thomas"]
[Black "Blum, Nicolas"]
[Result "1-0"]
[WhiteElo "2310"]
[BlackElo "2166"]
[PlyCount "39"]
[EventDate "2007.??.??"]

1. e4 c5 2. c3 Nf6 3. e5 Nd5 4. d4 cxd4 5. Nf3 e6 6. cxd4 d6 7. a3 Bd7 8. Bd3
Bc6 9. O-O Nd7 10. b4 a6 11. Qe2 Be7 12. Bd2 Qb6 13. Rc1 Bb5 14. Nc3 Nxc3 15.
Rxc3 Bxd3 16. Qxd3 Rd8 17. Qe4 O-O 18. Ng5 Bxg5 19. Bxg5 d5 20. Bxd8 1-0

[Event "Championnat de France - Accession"]
[Site "Aix-les-Bains"]
[Date "2007.??.??"]
[Round "3.13"]
[White "Fargere, Francois"]
[Black "Spiteri, Jean"]
[Result "1-0"]
[WhiteElo "2339"]
[BlackElo "2067"]
[PlyCount "47"]
[EventDate "2007.??.??"]

1. e4 c5 2. Nf3 Nc6 3. Bb5 g6 4. O-O Bg7 5. c3 Nf6 6. Re1 O-O 7. h3 d6 8. e5
Ne8 9. d4 cxd4 10. cxd4 Nc7 11. Bxc6 bxc6 12. Nc3 Ne6 13. Na4 h6 14. b3 Bd7 15.
Ba3 Re8 16. Qd2 Rb8 17. Rac1 Rb5 18. Rc2 Qa5 19. Qe3 Kh7 20. Bc1 Qa6 21. Bd2
Qc8 22. Nc3 Ra5 23. b4 Ra3 24. Bc1 1-0

[Event "Championnat de France - Accession"]
[Site "Aix-les-Bains"]
[Date "2007.??.??"]
[Round "3.14"]
[White "Demuth, Adrien"]
[Black "Letreguilly, Olivier"]
[Result "1-0"]
[WhiteElo "2193"]
[BlackElo "2360"]
[PlyCount "121"]
[EventDate "2007.??.??"]

1. d4 c6 2. c4 Nf6 3. Nc3 d6 4. e4 e5 5. Nf3 Nbd7 6. Be2 Be7 7. O-O O-O 8. Rb1
a6 9. b4 Re8 10. Qc2 Qc7 11. Rd1 exd4 12. Nxd4 Bf8 13. f3 g6 14. Be3 d5 15.
cxd5 cxd5 16. Nxd5 Nxd5 17. exd5 Qe5 18. Bf2 Nb6 19. Bc4 Bd6 20. g3 Bd7 21. Nc6
bxc6 22. Bxb6 Bf5 23. Bd3 Bxd3 24. Qxd3 Rac8 25. Bf2 Qe2 26. Qxe2 Rxe2 27. Rbc1
Bxb4 28. dxc6 Ba5 29. a3 Bc7 30. Rd7 Re6 31. Rc2 Kf8 32. Rd4 Ke8 33. Ra4 a5 34.
Rd4 h5 35. Rd5 Rb8 36. a4 Ra8 37. Rb5 Ra6 38. Rbc5 Ra8 39. Rd5 Rb8 40. Rb5 Ra8
41. Rb7 Rc8 42. Ra7 Kd8 43. Kg2 f5 44. Rb7 Rb8 45. Ba7 Rc8 46. Kh3 Ke8 47. Bf2
Be5 48. f4 Bc7 49. Bb6 Bxb6 50. Rxb6 Ke7 51. Rb7+ Kf6 52. c7 Ke7 53. Rb8 Kd7
54. Rxc8 Kxc8 55. Kh4 Rd6 56. Kg5 Re6 57. Rc5 Re2 58. Kxg6 Rxh2 59. Kxf5 Rh3
60. Kg5 Rxg3+ 61. Kxh5 1-0

[Event "Championnat de France - Accession"]
[Site "Aix-les-Bains"]
[Date "2007.??.??"]
[Round "3.15"]
[White "Fayard, Alain"]
[Black "Marie, Maxime"]
[Result "1-0"]
[WhiteElo "2305"]
[BlackElo "2226"]
[PlyCount "71"]
[EventDate "2007.??.??"]

1. d4 Nf6 2. Nf3 e6 3. c4 b6 4. Nc3 Bb7 5. Bg5 h6 6. Bh4 Bb4 7. e3 c5 8. a3
Bxc3+ 9. bxc3 d6 10. Bd3 Nbd7 11. O-O Qe7 12. Nd2 g5 13. Bg3 h5 14. f3 h4 15.
Bf2 O-O-O 16. a4 Rdg8 17. h3 Nh5 18. a5 f5 19. axb6 axb6 20. Ra7 Ndf6 21. Qa4
g4 22. hxg4 fxg4 23. Bxh4 gxf3 24. Nxf3 Ng3 25. Ra1 Rxh4 26. Nxh4 Nf5 27. Ra8+
Kc7 28. Rxg8 Nxh4 29. Rg3 Nh5 30. Rg4 Nxg2 31. Rxg2 Qh4 32. d5 Ng3 33. Qe8 Qh1+
34. Kf2 Qxa1 35. Rxg3 Qa2+ 36. Be2 1-0

[Event "Championnat de France - Accession"]
[Site "Aix-les-Bains"]
[Date "2007.??.??"]
[Round "3.37"]
[White "Drogou, Gerard"]
[Black "De Lagontrie, Jean"]
[Result "1/2-1/2"]
[WhiteElo "2159"]
[BlackElo "1940"]
[PlyCount "37"]
[EventDate "2007.??.??"]

1. d4 Nf6 2. Nf3 d5 3. e3 e6 4. Bd3 c5 5. b3 Nc6 6. O-O Be7 7. Bb2 O-O 8. Nbd2
b6 9. a3 Bb7 10. Qe2 Rc8 11. Ne5 cxd4 12. exd4 Nxe5 13. dxe5 Ne8 14. f4 g6 15.
Rad1 Ng7 16. g4 f5 17. exf6 Bxf6 18. Bxf6 Qxf6 19. Qe5 1/2-1/2

[Event "Championnat de France - Accession"]
[Site "Aix-les-Bains"]
[Date "2007.??.??"]
[Round "4.1"]
[White "Shirazi, Kamran"]
[Black "Bedouin, Xavier"]
[Result "1-0"]
[WhiteElo "2401"]
[BlackElo "2357"]
[PlyCount "47"]
[EventDate "2007.??.??"]

1. d4 d5 2. Nc3 Nf6 3. Bg5 Nbd7 4. e4 dxe4 5. Bc4 c6 6. Bb3 Qa5 7. Bd2 Qc7 8.
Qe2 g6 9. Nh3 h6 10. Nf4 Nb6 11. Nxe4 Bg7 12. Nxf6+ Bxf6 13. O-O-O Kf8 14. Qf3
Bf5 15. g4 Bd7 16. h4 Nd5 17. g5 hxg5 18. hxg5 Rxh1 19. Rxh1 Bg7 20. Nxg6+ Ke8
21. Rh7 fxg6 22. Rxg7 Be6 23. Rxg6 Kd7 24. Qe4 1-0

[Event "Championnat de France - Accession"]
[Site "Aix-les-Bains"]
[Date "2007.??.??"]
[Round "4.2"]
[White "Robin, Samy"]
[Black "Cossin, Sebastien"]
[Result "1-0"]
[WhiteElo "2321"]
[BlackElo "2433"]
[PlyCount "65"]
[EventDate "2007.??.??"]

1. e4 c5 2. Nf3 d6 3. d4 cxd4 4. Nxd4 Nf6 5. Nc3 a6 6. f3 e5 7. Nb3 Be6 8. Be3
Be7 9. Qd2 O-O 10. Nd5 Bxd5 11. exd5 Nbd7 12. c4 e4 13. Be2 Re8 14. f4 b5 15.
cxb5 Nb6 16. Bxb6 Qxb6 17. bxa6 Nd7 18. Qd4 Nc5 19. Nxc5 dxc5 20. Qc4 Bf6 21.
O-O Bxb2 22. Rab1 Bd4+ 23. Kh1 Qd6 24. Rb7 Red8 25. a7 Rd7 26. Qb5 Rdd8 27. Bc4
e3 28. Qc6 Qf8 29. Rfb1 Bf6 30. d6 Kh8 31. Rxf7 Qe8 32. d7 Qg8 33. Rxf6 1-0

[Event "Championnat de France - Accession"]
[Site "Aix-les-Bains"]
[Date "2007.??.??"]
[Round "4.3"]
[White "Rouler, Charly"]
[Black "Olivier, Jean-Christophe"]
[Result "1/2-1/2"]
[WhiteElo "2284"]
[BlackElo "2403"]
[PlyCount "89"]
[EventDate "2007.??.??"]

1. d4 Nf6 2. c4 e6 3. Nc3 Bb4 4. Qc2 Nc6 5. Nf3 d6 6. Bd2 O-O 7. a3 Bxc3 8.
Bxc3 Qe7 9. g3 e5 10. d5 Nb8 11. Bg2 Nbd7 12. e4 Nb6 13. Bd2 c6 14. O-O cxd5
15. cxd5 Bd7 16. b3 Bb5 17. Rfc1 Rfc8 18. Bc3 a5 19. a4 Ba6 20. Qb1 Nbd7 21.
Bxa5 Rxc1+ 22. Qxc1 Nxe4 23. Bb4 Nec5 24. Qe3 b6 25. Nd2 f5 26. Bf1 Bxf1 27.
Rxf1 Nf6 28. Qf3 g6 29. Nc4 e4 30. Qd1 Rb8 31. Ba3 b5 32. Na5 Qf7 33. Nc6 Re8
34. Bxc5 dxc5 35. axb5 Qxd5 36. Qc2 e3 37. fxe3 Rxe3 38. Qc4 Kg7 39. Qxd5 Nxd5
40. Rd1 Nb6 41. Na5 Kf6 42. Rd8 Re6 43. Nc4 Nxc4 44. bxc4 Re4 45. b6 1/2-1/2